[Event "Cto Aragon Equipos 2025 - Preferente"]
[Site "Aragon"]
[Date "2025.01.25"]
[Round "1.69"]
[White "Carraminana Lopez, Luis Antonio"]
[Black "Cid Royo, Jonathan"]
[Result "1/2-1/2"]
[WhiteElo "1929"]
[BlackElo "2132"]
[PlyCount "69"]
[GameId "2147807425342470"]
[EventDate "2025.01.25"]
[EventCountry "ESP"]
[WhiteTeam "Helios B"]
[BlackTeam "L'Aurora Estadilla M64"]

1. e4 c5 2. Nf3 d6 3. Bb5+ Bd7 4. Bxd7+ Nxd7 5. O-O Ngf6 6. Qe2 e6 7. b3 Be7 8. Bb2 O-O 9. c4 a6 10. d4 cxd4 11. Nxd4 Nc5 12. Nc3 Qb6 13. Rfd1 Ne8 14. a3 Nxb3 15. Nxb3 Qxb3 16. Rd3 Qxc4 17. Rc1 Bg5 18. Rcd1 Rc8 19. e5 d5 20. g3 g6 21. f4 Be7 22. Qf3 Ng7 23. Kh1 b5 24. g4 f6 25. Ne2 f5 26. Nd4 Bc5 27. gxf5 Bxd4 28. Rxd4 Qc2 29. fxe6 Qxb2 30. Qxd5 Kh8 31. e7 Rfe8 32. Qf7 Qxa3 33. Rd8 Qf3+ 34. Kg1 Qg4+ 35. Kh1 1/2-1/2

[Event "Cto Aragon Equipos 2025 - Preferente"]
[Site "Aragon"]
[Date "2025.01.25"]
[Round "1.70"]
[White "Ayensa Garcia, Miguel Angel"]
[Black "Anson Casaos, Alejandro"]
[Result "1-0"]
[WhiteElo "1998"]
[BlackElo "1907"]
[PlyCount "65"]
[GameId "2147807425403911"]
[EventDate "2025.01.25"]
[EventCountry "ESP"]
[WhiteTeam "L'Aurora Estadilla M64"]
[BlackTeam "Helios B"]

1. c4 Nf6 2. Nc3 e5 3. Nf3 Nc6 4. e4 Bc5 5. Nxe5 Nxe5 6. d4 Bb4 7. dxe5 Nxe4 8. Qf3 Nxc3 9. bxc3 Bc5 10. Qg3 Kf8 11. Be3 Qe7 12. Rd1 Bxe3 13. Qxe3 b6 14. Be2 Bb7 15. O-O Rd8 16. Rd4 h5 17. Rfd1 Rh6 18. f4 f5 19. Bf3 Bxf3 20. Qxf3 g6 21. Qc6 dxc6 22. Rxd8+ Qxd8 23. Rxd8+ Ke7 24. Rg8 a5 25. Rg7+ Kd8 26. Kf2 h4 27. Ke3 h3 28. g3 c5 29. Kf3 Kc8 30. g4 fxg4+ 31. Kxg4 c6 32. e6 b5 33. Rg8+ 1-0

[Event "Cto Aragon Equipos 2025 - Preferente"]
[Site "Aragon"]
[Date "2025.01.25"]
[Round "1.71"]
[White "Gonzalez Azuara, Javier"]
[Black "Felez Casedas, Carlos"]
[Result "0-1"]
[WhiteElo "1803"]
[BlackElo "1977"]
[PlyCount "68"]
[GameId "2147807425457160"]
[EventDate "2025.01.25"]
[EventCountry "ESP"]
[WhiteTeam "Helios B"]
[BlackTeam "L'Aurora Estadilla M64"]

1. d4 d5 2. c4 e6 3. Nc3 c6 4. Bf4 Bd6 5. Bxd6 Qxd6 6. c5 Qc7 7. e3 e5 8. dxe5 Qxe5 9. Nf3 Qe7 10. Qd4 Nf6 11. Qe5 Be6 12. Nd4 Nbd7 13. Qg5 O-O 14. b4 a5 15. bxa5 Qxc5 16. Rc1 Ne4 17. Qh4 Nxc3 18. Bd3 g6 19. Nb3 Qa3 20. Rxc3 c5 21. Qe7 Qxa2 22. O-O c4 23. Nd4 Rfe8 24. Qd6 Ra6 25. Qc7 Qxa5 26. Qxa5 Rxa5 27. Bc2 Rea8 28. e4 Ra1 29. exd5 Rxf1+ 30. Kxf1 Bxd5 31. f3 Nc5 32. Be4 Bxe4 33. fxe4 Nxe4 34. Ke2 Nxc3+ 0-1

[Event "Cto Aragon Equipos 2025 - Preferente"]
[Site "Aragon"]
[Date "2025.01.25"]
[Round "1.72"]
[White "Pellicer Cemeli, Jose Luis"]
[Black "Garcia Modrego, Victoria"]
[Result "1-0"]
[WhiteElo "1947"]
[BlackElo "1652"]
[PlyCount "103"]
[GameId "2147807425510409"]
[EventDate "2025.01.25"]
[EventCountry "ESP"]
[WhiteTeam "L'Aurora Estadilla M64"]
[BlackTeam "Helios B"]

1. d4 d5 2. c4 e6 3. Nc3 c5 4. Nf3 Nf6 5. Bg5 cxd4 6. Nxd4 Be7 7. e3 Nbd7 8. cxd5 Nxd5 9. Bxe7 Nxc3 10. Bxd8 Nxd1 11. Rxd1 Kxd8 12. g3 Ke7 13. Bg2 Nf6 14. b3 Rb8 15. Ke2 e5 16. Nb5 a6 17. Nd6 b5 18. Nxc8+ Rbxc8 19. Rd2 Rhd8 20. Rhd1 Rxd2+ 21. Rxd2 Rd8 22. Rxd8 Kxd8 23. Bb7 a5 24. Ba6 Nd5 25. Kd2 b4 26. Bc4 Nc3 27. Bxf7 Nxa2 28. Kd3 Kd7 29. Kc4 Nc3 30. f3 Kd6 31. Bg8 h6 32. f4 exf4 33. gxf4 Kc6 34. Bh7 Kd6 35. e4 Ke6 36. Bf5+ Kd6 37. Bg4 g5 38. e5+ Ke7 39. f5 Kf7 40. Bf3 Ke7 41. Kc5 Kf7 42. Kd6 a4 43. Kd7 a3 44. e6+ Kf6 45. e7 a2 46. e8=Q a1=Q 47. Qe6+ Kg7 48. Qe5+ Kf7 49. Bh5+ Kf8 50. Qf6+ Kg8 51. Bf7+ Kh7 52. Qg6+ 1-0

[Event "Cto Aragon Equipos 2025 - Div. Honor"]
[Site "Aragon"]
[Date "2025.02.01"]
[Round "2.1"]
[White "Ramiro Ovejero, Juan Luis"]
[Black "Baron Rodriguez, Jesus"]
[Result "1-0"]
[WhiteElo "2315"]
[BlackElo "2401"]
[PlyCount "87"]
[GameId "2147807425563658"]
[EventDate "2025.01.25"]
[EventCountry "ESP"]
[WhiteTeam "Jaime Casas"]
[BlackTeam "Iberajedrez Mundo 64"]

1. e4 e6 2. d4 d5 3. exd5 exd5 4. Bf4 Bd6 5. Qd2 Nf6 6. Nc3 O-O 7. O-O-O Nc6 8. f3 a6 9. g4 b5 10. Bxd6 Qxd6 11. Nge2 Be6 12. Nf4 Nd7 13. Nh5 f6 14. g5 Bf7 15. Ng3 Bg6 16. f4 fxg5 17. f5 Bxf5 18. Qxg5 Be6 19. Nh5 Rf7 20. Rg1 g6 21. Bd3 Ne7 22. Rde1 Bf5 23. Rxe7 Qxe7 24. Qxe7 Rxe7 25. Bxf5 Nb6 26. Bd3 Rf8 27. b3 Rf2 28. h3 b4 29. Nd1 Rh2 30. Nf4 a5 31. Bf1 Re4 32. Nd3 Rxd4 33. Ne3 a4 34. Ng4 Rxd3 35. Nxh2 Rc3 36. Ng4 c5 37. Ne5 axb3 38. axb3 c4 39. Kb2 Re3 40. Nxg6 c3+ 41. Ka2 Re1 42. Ne5+ Kf8 43. Nd3 Re4 44. Rg4 1-0

[Event "Cto Aragon Equipos 2025 - Div. Honor"]
[Site "Aragon"]
[Date "2025.02.01"]
[Round "2.2"]
[White "Moreno Gracia, Daniel"]
[Black "Newrkla, Katharina"]
[Result "0-1"]
[WhiteElo "2277"]
[BlackElo "2219"]
[PlyCount "102"]
[GameId "2147807425612811"]
[EventDate "2025.01.25"]
[EventCountry "ESP"]
[WhiteTeam "Iberajedrez Mundo 64"]
[BlackTeam "Jaime Casas"]

1. c4 Nf6 2. Nc3 g6 3. g3 Bg7 4. Bg2 O-O 5. e4 d6 6. Nge2 c5 7. O-O Nc6 8. d3 a6 9. h3 Rb8 10. f4 Bd7 11. a4 Ne8 12. Be3 Nd4 13. Rb1 b5 14. axb5 axb5 15. Bxd4 cxd4 16. Nxb5 Bxb5 17. cxb5 Rxb5 18. Qc2 Qb6 19. Rfc1 Rb3 20. Kh1 e5 21. Ng1 Nf6 22. Nf3 Nh5 23. Nd2 Rb4 24. Nc4 Qc5 25. Qf2 exf4 26. gxf4 Bh6 27. Ne5 Qb5 28. Nc6 Bxf4 29. Nxb4 Qxb4 30. Rc4 Qb6 31. Bf1 Be3 32. Qf3 Qa5 33. b4 Qg5 34. Qg4 Qe5 35. b5 f5 36. exf5 Rxf5 37. Rc2 Ng3+ 38. Kg2 Qd5+ 39. Kxg3 Rg5 40. b6 Qe5+ 41. Kg2 Qd5+ 42. Kg3 Qe5+ 43. Kg2 Rxg4+ 44. hxg4 Qd5+ 45. Kg3 Qe5+ 46. Kh3 h5 47. Be2 Bf2 48. Rg1 Qe3+ 49. Bf3 Qxf3+ 50. Kh2 Bxg1+ 51. Kxg1 Qd1+ 0-1

[Event "Cto Aragon Equipos 2025 - Div. Honor"]
[Site "Aragon"]
[Date "2025.02.01"]
[Round "2.3"]
[White "Roque Sola, Jose Luis"]
[Black "Lopez Gracia, Fernando"]
[Result "1/2-1/2"]
[WhiteElo "2129"]
[BlackElo "2247"]
[PlyCount "63"]
[GameId "2147807425653772"]
[EventDate "2025.01.25"]
[EventCountry "ESP"]
[WhiteTeam "Jaime Casas"]
[BlackTeam "Iberajedrez Mundo 64"]

1. e4 e5 2. Nf3 Nc6 3. Bb5 a6 4. Ba4 Nf6 5. d3 d6 6. c3 g6 7. h3 Bg7 8. O-O O-O 9. Re1 b5 10. Bc2 Bb7 11. Nbd2 a5 12. a4 b4 13. d4 bxc3 14. bxc3 exd4 15. Nxd4 Nd7 16. Rb1 Qc8 17. Nc4 Re8 18. Ba3 Nxd4 19. cxd4 d5 20. exd5 Rxe1+ 21. Qxe1 Bxd5 22. Ne3 Nf6 23. Bc5 Bc6 24. Nc4 Nh5 25. Ne5 Bxg2 26. Kxg2 Nf4+ 27. Kg3 Qxh3+ 28. Kxf4 Bh6+ 29. Ke4 Qf5+ 30. Kd5 Qe6+ 31. Ke4 Qf5+ 32. Kd5 1/2-1/2

[Event "Cto Aragon Equipos 2025 - Div. Honor"]
[Site "Aragon"]
[Date "2025.02.01"]
[Round "2.4"]
[White "Villalba Embid, Marcos"]
[Black "Gimenez Martinez, Alberto"]
[Result "1-0"]
[WhiteElo "2192"]
[BlackElo "2117"]
[PlyCount "75"]
[GameId "2147807425702925"]
[EventDate "2025.01.25"]
[EventCountry "ESP"]
[WhiteTeam "Iberajedrez Mundo 64"]
[BlackTeam "Jaime Casas"]

1. e4 e5 2. Bc4 Nc6 3. Nc3 Nf6 4. d3 Bc5 5. f4 d6 6. Nf3 Bg4 7. Na4 O-O 8. Nxc5 dxc5 9. Be3 Qd6 10. Qd2 a6 11. Qf2 b6 12. f5 Na5 13. Nd2 Bh5 14. h3 Rfd8 15. Bb3 Rac8 16. g4 c4 17. Bxc4 b5 18. Bc5 Qc6 19. Bb3 Nb7 20. Be7 Rd4 21. Bxf6 Qxf6 22. gxh5 a5 23. a3 Nc5 24. O-O Qg5+ 25. Kh2 Qxh5 26. Ba2 Rcd8 27. Nf3 Nxd3 28. cxd3 Rxd3 29. Rae1 Qh6 30. Bb1 Qf4+ 31. Kh1 Rb3 32. Rd1 Rd4 33. Rxd4 exd4 34. Qxd4 h6 35. Qf2 c5 36. e5 Re3 37. Kg2 c4 38. Re1 1-0

[Event "Cto Aragon Equipos 2025 - Div. Honor"]
[Site "Aragon"]
[Date "2025.02.01"]
[Round "2.5"]
[White "Cifuentes Parada, Roberto"]
[Black "Adla, Diego"]
[Result "1/2-1/2"]
[WhiteElo "2369"]
[BlackElo "2390"]
[PlyCount "102"]
[GameId "2147807425797134"]
[EventDate "2025.01.25"]
[EventCountry "ESP"]
[WhiteTeam "Jaque - Aramovil"]
[BlackTeam "MyInvestor Casablanca A"]

1. Nf3 d5 2. g3 c6 3. Bg2 Bf5 4. O-O e6 5. d3 h6 6. Nbd2 Bd6 7. c4 Ne7 8. Qb3 Nd7 9. Qc3 O-O 10. b3 e5 11. Bb2 Be6 12. d4 e4 13. Ne5 f6 14. Nxd7 Qxd7 15. a4 Rac8 16. Ba3 Bb8 17. f3 f5 18. fxe4 fxe4 19. Rxf8+ Rxf8 20. Rf1 Rc8 21. Rc1 Rd8 22. e3 h5 23. Nf1 Ng6 24. Rc2 h4 25. gxh4 Nxh4 26. Qe1 g5 27. Ng3 Bh3 28. Bh1 Qg4 29. Qe2 Nf3+ 30. Bxf3 exf3 31. Qd3 Qe6 32. cxd5 cxd5 33. Rc3 Kg7 34. Kf2 Bg4 35. Qb5 Qf7 36. Nf1 Be6 37. e4 g4 38. e5 Rh8 39. Qc5 Qf4 40. Bc1 Rxh2+ 41. Nxh2 Qxh2+ 42. Ke3 Qh6+ 43. Kf2 Qh4+ 44. Kf1 Qh1+ 45. Kf2 Qh2+ 46. Ke3 Qg1+ 47. Kf4 Qh2+ 48. Ke3 Qh6+ 49. Kf2 Qh2+ 50. Ke3 Qh6+ 51. Kf2 Qh2+ 1/2-1/2

[Event "Cto Aragon Equipos 2025 - Div. Honor"]
[Site "Aragon"]
[Date "2025.02.01"]
[Round "2.6"]
[White "Glavina, Pablo"]
[Black "Lana Rodriguez, David"]
[Result "1/2-1/2"]
[WhiteElo "2359"]
[BlackElo "2352"]
[PlyCount "52"]
[GameId "2147807425833999"]
[EventDate "2025.01.25"]
[EventCountry "ESP"]
[WhiteTeam "MyInvestor Casablanca A"]
[BlackTeam "Jaque - Aramovil"]

1. d4 e6 2. e4 d5 3. Nd2 c5 4. exd5 exd5 5. Bb5+ Bd7 6. Qe2+ Be7 7. dxc5 Nf6 8. Ngf3 O-O 9. O-O a6 10. Bxd7 Nbxd7 11. b4 a5 12. c3 Re8 13. Qd3 Ne4 14. Nxe4 dxe4 15. Qxe4 axb4 16. Qxb4 Nxc5 17. Be3 Qc7 18. Bd4 Ne6 19. Qb5 Bc5 20. Rab1 b6 21. Rfe1 Rec8 22. Qe2 h6 23. Rb2 Ra4 24. Qd1 Rca8 25. Ree2 Bxd4 26. cxd4 Nxd4 1/2-1/2

[Event "Cto Aragon Equipos 2025 - Div. Honor"]
[Site "Aragon"]
[Date "2025.02.01"]
[Round "2.7"]
[White "Escartin Lacasa, Jose"]
[Black "Quintin Navarro, Alberto"]
[Result "1/2-1/2"]
[WhiteElo "2296"]
[BlackElo "2350"]
[PlyCount "103"]
[GameId "2147807425874960"]
[EventDate "2025.01.25"]
[EventCountry "ESP"]
[WhiteTeam "Jaque - Aramovil"]
[BlackTeam "MyInvestor Casablanca A"]

1. d4 d5 2. Nf3 Nf6 3. g3 c5 4. Bg2 Qa5+ 5. Nbd2 cxd4 6. O-O Nc6 7. Nb3 Qb6 8. Nbxd4 Nxd4 9. Qxd4 Qxd4 10. Nxd4 Bd7 11. c4 e5 12. Nf3 e4 13. Ne5 Be6 14. cxd5 Bxd5 15. Bg5 Be7 16. Rfd1 Rd8 17. Bh3 Rd6 18. Rac1 O-O 19. Nd7 Rd8 20. Nxf6+ Bxf6 21. Bxf6 gxf6 22. Rc8 Kf8 23. Rxd8+ Rxd8 24. Bf5 Ke7 25. Bxh7 Bxa2 26. Rxd8 Kxd8 27. Bxe4 b5 28. Kf1 a5 29. Ke1 b4 30. Kd2 a4 31. h4 a3 32. bxa3 bxa3 33. Kc3 Be6 34. Ba8 f5 35. f3 Ke7 36. e4 fxe4 37. fxe4 Kd6 38. h5 Ke7 39. Bd5 Bg4 40. h6 Kf6 41. h7 Kg7 42. Bxf7 Kxh7 43. e5 Kg7 44. Bc4 Kg6 45. Kb4 Kf5 46. e6 Kf6 47. Kxa3 Bxe6 48. Be2 Kg5 49. Kb4 Bg4 50. Bf1 Bf5 51. Be2 Bg4 52. Bxg4 1/2-1/2

[Event "Cto Aragon Equipos 2025 - Div. Honor"]
[Site "Aragon"]
[Date "2025.02.01"]
[Round "2.8"]
[White "Vela Frago, Alberto"]
[Black "Ereza Vizcarra, Fernando"]
[Result "1/2-1/2"]
[WhiteElo "2256"]
[BlackElo "2120"]
[PlyCount "27"]
[GameId "2147807425928209"]
[EventDate "2025.01.25"]
[EventCountry "ESP"]
[WhiteTeam "MyInvestor Casablanca A"]
[BlackTeam "Jaque - Aramovil"]

1. d4 d5 2. Nf3 Nf6 3. g3 c6 4. Bg2 Bf5 5. O-O e6 6. b3 h6 7. c4 Nbd7 8. Bb2 Bd6 9. Nc3 O-O 10. Rc1 Re8 11. e3 Qe7 12. Qe2 Rad8 13. Rfd1 Bg4 14. e4 1/2-1/2

[Event "Cto Aragon Equipos 2025 - Div. Honor"]
[Site "Aragon"]
[Date "2025.02.01"]
[Round "2.9"]
[White "Jario Garcia, Ricardo"]
[Black "Ruiz Fernandez, Daniel"]
[Result "0-1"]
[WhiteElo "1996"]
[BlackElo "2165"]
[PlyCount "62"]
[GameId "2147807425973266"]
[EventDate "2025.01.25"]
[EventCountry "ESP"]
[WhiteTeam "Marcos Frechin B"]
[BlackTeam "MyInvestor Casablanca B"]

1. e4 e5 2. Nf3 Nc6 3. d4 exd4 4. Nxd4 Nf6 5. Nxc6 bxc6 6. Qe2 Bc5 7. Nc3 O-O 8. Bd2 Re8 9. O-O-O d5 10. f3 a5 11. Bg5 Bb4 12. Na4 h6 13. Bh4 Qe7 14. e5 Qxe5 15. Qxe5 Rxe5 16. c4 Ba6 17. a3 Bf8 18. Nc3 dxc4 19. Bxf6 gxf6 20. f4 Re3 21. g3 Bxa3 22. Kd2 Bc5 23. Bg2 Rb8 24. Kc2 Kg7 25. Rhe1 Rbe8 26. Rxe3 Rxe3 27. Be4 Bb4 28. Bxc6 Bc8 29. Kd2 Rd3+ 30. Kc2 Bf5 31. g4 Rxc3+ 0-1

[Event "Cto Aragon Equipos 2025 - Div. Honor"]
[Site "Aragon"]
[Date "2025.02.01"]
[Round "2.10"]
[White "Lorente Melcon, Maximo"]
[Black "Sanz Pueyo, Adrian"]
[Result "1-0"]
[WhiteElo "2138"]
[BlackElo "2009"]
[PlyCount "81"]
[GameId "2147807426014227"]
[EventDate "2025.01.25"]
[EventCountry "ESP"]
[WhiteTeam "MyInvestor Casablanca B"]
[BlackTeam "Marcos Frechin B"]

1. e4 e6 2. d4 d5 3. Nd2 c5 4. exd5 Qxd5 5. Ngf3 Nc6 6. Bc4 Qd7 7. dxc5 Bxc5 8. Qe2 Nf6 9. O-O O-O 10. Ne4 Be7 11. Bg5 Nd4 12. Nxd4 Qxd4 13. Rfd1 Qxb2 14. Rab1 Qe5 15. Nxf6+ Bxf6 16. Qxe5 Bxe5 17. Be7 b6 18. Bxf8 Kxf8 19. Rd8+ Ke7 20. Rbd1 Bc7 21. Rh8 Bb7 22. Rxh7 Be4 23. Rh4 Bxc2 24. Rd2 Bf5 25. Bb5 Be5 26. Ra4 Kf6 27. g4 Bh7 28. g5+ Ke7 29. Rd7+ Kf8 30. f4 Bb2 31. Raxa7 Rxa7 32. Rxa7 Bc1 33. Ra4 Ke7 34. Kf2 e5 35. fxe5 Bxg5 36. Bc4 Bg6 37. Ra7+ Kf8 38. Kg3 Be3 39. Bb5 f5 40. e6 Bg5 41. Bc4 1-0

[Event "Cto Aragon Equipos 2025 - Div. Honor"]
[Site "Aragon"]
[Date "2025.02.01"]
[Round "2.11"]
[White "Prats Fares, Nahuel"]
[Black "Conon, Catalin"]
[Result "1/2-1/2"]
[WhiteElo "1926"]
[BlackElo "2072"]
[PlyCount "178"]
[GameId "2147807426051092"]
[EventDate "2025.01.25"]
[EventCountry "ESP"]
[WhiteTeam "Marcos Frechin B"]
[BlackTeam "MyInvestor Casablanca B"]

1. e4 e5 2. Nc3 Nf6 3. g3 Bc5 4. Bg2 O-O 5. Nge2 c6 6. O-O d5 7. exd5 cxd5 8. d4 exd4 9. Nxd4 Bg4 10. Qd3 Bxd4 11. Qxd4 Nc6 12. Qf4 d4 13. Ne4 Nxe4 14. Bxe4 Qd7 15. f3 Be6 16. Rd1 Rad8 17. Be3 Bd5 18. Bf2 Bxe4 19. Qxe4 Rfe8 20. Qf4 Re2 21. Rd2 Rxd2 22. Qxd2 Qf5 23. f4 h5 24. Rd1 h4 25. Qd3 Qd5 26. gxh4 Qxa2 27. Qb5 Qe6 28. Qg5 Qd5 29. Qxd5 Rxd5 30. Kg2 Rb5 31. b3 Nb4 32. Rd2 d3 33. cxd3 Nd5 34. Bxa7 Rxb3 35. Kf3 Kf8 36. Bc5+ Ke8 37. Ke4 Nf6+ 38. Kd4 Kd7 39. Kc4 Rb1 40. d4 b5+ 41. Kd3 Rb3+ 42. Kc2 Rf3 43. Re2 Rxf4 44. Re7+ Kc6 45. Rxf7 Rxh4 46. Rxg7 Rxh2+ 47. Kd3 Rh3+ 48. Kc2 Kd5 49. Kb2 Kc4 50. Rg2 Rb3+ 51. Ka2 Nd5 52. Rb2 Rc3 53. Kb1 b4 54. Rc2 b3 55. Rxc3+ Kxc3 56. Ba3 Kxd4 57. Bb2+ Kd3 58. Bg7 Kc4 59. Kb2 Nb6 60. Bf6 Na4+ 61. Ka3 Nc5 62. Kb2 Nd3+ 63. Kb1 Kb4 64. Be7+ Kc4 65. Bf6 Kd5 66. Bg7 Ke4 67. Bf6 Ke3 68. Bg5+ Ke2 69. Bf6 Kd2 70. Bg5+ Kd1 71. Bh6 Ke2 72. Bg5 Kf3 73. Bf6 Ke4 74. Bg7 Kd5 75. Bf6 Kc4 76. Bg7 Kb4 77. Bf8+ Ka4 78. Bg7 Nb4 79. Bf6 Ka3 80. Be7 Ka4 81. Bxb4 Kxb4 82. Kb2 Kc4 83. Kb1 Kb5 84. Kb2 Ka4 85. Kb1 Kb4 86. Kb2 Kc4 87. Kb1 Kc3 88. Kc1 b2+ 89. Kb1 Kb3 1/2-1/2

[Event "Cto Aragon Equipos 2025 - Div. Honor"]
[Site "Aragon"]
[Date "2025.02.01"]
[Round "2.12"]
[White "Jaime Galeano, Alcher"]
[Black "Jario Dominguez, Diego"]
[Result "0-1"]
[WhiteElo "1967"]
[BlackElo "1907"]
[PlyCount "158"]
[GameId "2147807426100245"]
[EventDate "2025.01.25"]
[EventCountry "ESP"]
[WhiteTeam "MyInvestor Casablanca B"]
[BlackTeam "Marcos Frechin B"]

1. e4 c5 2. Nf3 Nc6 3. d4 cxd4 4. Nxd4 g6 5. c4 Nf6 6. Nc3 d6 7. Nc2 Bg7 8. Be2 O-O 9. Bd2 a5 10. O-O Nd7 11. Rb1 Nc5 12. b3 Bxc3 13. Bxc3 Nxe4 14. Bb2 Nc5 15. Ne3 a4 16. Qc2 f6 17. h4 Be6 18. h5 Kg7 19. Bc3 axb3 20. axb3 Ra3 21. b4 Na4 22. Ba1 Ne5 23. Qd2 Nb6 24. Rbc1 Qd7 25. Qd4 Ra2 26. Rfe1 Na4 27. Nd5 Re8 28. f4 Nc6 29. Nxf6 Nxd4 30. Nxd7 Rxa1 31. Rxa1 Nxe2+ 32. Rxe2 Bxd7 33. hxg6 hxg6 34. Rae1 Kf6 35. Kf2 Nb6 36. c5 dxc5 37. bxc5 Nd5 38. g3 Rc8 39. Rc2 Ra8 40. Rd2 Bc6 41. Re5 e6 42. Rde2 Bd7 43. Rb2 Ra7 44. Re1 Bc6 45. Rbe2 Nc7 46. g4 Ra3 47. Re3 Ra2+ 48. R3e2 Ra4 49. Kg3 Rc4 50. g5+ Kf7 51. Rh2 Kg7 52. Re5 Bd5 53. Kg4 Rxc5 54. Re3 e5 55. Rxe5 Be6+ 56. Kh4 Rxe5 57. fxe5 Bf5 58. Kg3 Ne6 59. Rb2 Be4 60. Rb4 Bc6 61. Kg4 Kf7 62. Rb2 Ng7 63. Rf2+ Nf5 64. Kf4 Ke6 65. Rd2 Bd5 66. Re2 Nd4 67. Rd2 Nc6 68. Re2 b5 69. Rh2 b4 70. Re2 b3 71. Re1 Nb4 72. Ra1 Nd3+ 73. Ke3 b2 74. Rb1 Ba2 75. Kxd3 Bxb1+ 76. Kc3 Bf5 77. Kxb2 Kxe5 78. Kc3 Kf4 79. Kd2 Kxg5 0-1

[Event "Cto Aragon Equipos 2025 - Div. Honor"]
[Site "Aragon"]
[Date "2025.02.01"]
[Round "2.13"]
[White "Del Rey, Diego"]
[Black "Llorente Zaro, Alfonso"]
[Result "1/2-1/2"]
[WhiteElo "2275"]
[BlackElo "2444"]
[PlyCount "65"]
[GameId "2147807426137110"]
[EventDate "2025.01.25"]
[EventCountry "ESP"]
[WhiteTeam "El Olivar"]
[BlackTeam "Agrupacion"]

1. e4 d5 2. exd5 Qxd5 3. Nc3 Qd6 4. d4 Nf6 5. Nb5 Qb6 6. Na3 e5 7. Nc4 Qxd4 8. Qxd4 exd4 9. Nf3 Nc6 10. Bd3 Be6 11. O-O Be7 12. a3 Nd5 13. Re1 O-O 14. Ng5 Bxg5 15. Bxg5 h6 16. Bd2 Rad8 17. b4 Nb6 18. Nxb6 axb6 19. Bf4 Rd7 20. Bb5 Rc8 21. a4 Rdd8 22. Bxc6 bxc6 23. a5 c5 24. bxc5 bxc5 25. a6 c4 26. a7 Bd5 27. f3 d3 28. cxd3 cxd3 29. Red1 Bb3 30. Rxd3 Rxd3 31. a8=Q Rd1+ 32. Kf2 Rxa8 33. Rxa8+ 1/2-1/2

[Event "Cto Aragon Equipos 2025 - Div. Honor"]
[Site "Aragon"]
[Date "2025.02.01"]
[Round "2.14"]
[White "Remiro Juste, Fernando Jose"]
[Black "Galstyan, David"]
[Result "1-0"]
[WhiteElo "2208"]
[BlackElo "2279"]
[PlyCount "143"]
[GameId "2147807426251799"]
[EventDate "2025.01.25"]
[EventCountry "ESP"]
[WhiteTeam "Agrupacion"]
[BlackTeam "El Olivar"]

1. e4 e6 2. d4 d5 3. Bd3 dxe4 4. Bxe4 Nf6 5. Bf3 Bd6 6. Ne2 Nbd7 7. O-O e5 8. Ng3 O-O 9. Nf5 Nb6 10. Nxd6 cxd6 11. Nc3 Re8 12. Bg5 h6 13. Bh4 g5 14. dxe5 dxe5 15. Qxd8 Rxd8 16. Bg3 Re8 17. Nb5 g4 18. Be2 Nfd5 19. c4 Nf4 20. Rfe1 Rd8 21. Bf1 Nd3 22. Bxd3 Rxd3 23. Nc7 Rb8 24. Rxe5 Bd7 25. c5 Nc4 26. Rd5 Nxb2 27. Rxd3 Nxd3 28. Nd5 Rd8 29. Bh4 Bc6 30. Bxd8 Bxd5 31. Rd1 Nf4 32. Bc7 Ne2+ 33. Kh1 Bc6 34. Be5 f6 35. Rd2 fxe5 36. Rxe2 e4 37. Kg1 Kf7 38. Rd2 h5 39. g3 Kf6 40. Kf1 Bb5+ 41. Ke1 Bd3 42. Rb2 Ba6 43. Kd2 Ke5 44. Ke3 Kd5 45. Rb4 Kxc5 46. Rxe4 Bc4 47. a3 b5 48. Re5+ Bd5 49. Rxh5 a5 50. Rg5 Kc4 51. Kd2 Bf3 52. Kc2 Be2 53. Re5 Bd3+ 54. Kd2 Bf1 55. Re4+ Kb3 56. Re3+ Kb2 57. f3 gxf3 58. Rxf3 Bc4 59. Rc3 Bb3 60. h4 Kxa3 61. h5 b4 62. Re3 Kb2 63. Rxb3+ Kxb3 64. h6 Ka2 65. h7 b3 66. h8=Q b2 67. Qg8+ Ka1 68. Qg7 Ka2 69. Qf7+ Ka1 70. Qf6 a4 71. Kc2 a3 72. Qf1+ 1-0

[Event "Cto Aragon Equipos 2025 - Div. Honor"]
[Site "Aragon"]
[Date "2025.02.01"]
[Round "2.15"]
[White "Munoz Perez, Ivan"]
[Black "Barros Gutierrez, Angel Luis"]
[Result "1/2-1/2"]
[WhiteElo "2231"]
[BlackElo "1970"]
[PlyCount "89"]
[GameId "2147807426296856"]
[EventDate "2025.01.25"]
[EventCountry "ESP"]
[WhiteTeam "El Olivar"]
[BlackTeam "Agrupacion"]

1. e4 c5 2. Nc3 Nc6 3. g3 g6 4. Bg2 Bg7 5. d3 Rb8 6. Be3 b5 7. Qd2 d6 8. Nge2 Nd4 9. O-O b4 10. Nd1 e5 11. f4 Ne7 12. Nc1 O-O 13. c3 bxc3 14. bxc3 Ndc6 15. f5 f6 16. g4 gxf5 17. gxf5 Kh8 18. Kh1 Rf7 19. Ne2 Ng8 20. Nf2 Qf8 21. Rab1 Rfb7 22. Rxb7 Rxb7 23. Qc2 Bh6 24. Ng4 Bxe3 25. Nxe3 Bd7 26. Rb1 Qb8 27. Rxb7 Qxb7 28. Nc4 Qc7 29. Bf3 Nge7 30. Ng3 Nc8 31. Ne3 Be8 32. Nd5 Qg7 33. Bh5 Bf7 34. Bxf7 Qxf7 35. Qb3 Nb6 36. Qb5 Nxd5 37. Qxc6 Nf4 38. Qxd6 h5 39. h4 Qxa2 40. Qf8+ Kh7 41. Qe7+ Kg8 42. Qe8+ Kh7 43. Qe7+ Kg8 44. Qe8+ Kh7 45. Qe7+ 1/2-1/2

[Event "Cto Aragon Equipos 2025 - Div. Honor"]
[Site "Aragon"]
[Date "2025.02.01"]
[Round "2.16"]
[White "Mimbela Lopez, Luis"]
[Black "Munoz Valles, Jorge"]
[Result "0-1"]
[WhiteElo "1942"]
[BlackElo "2077"]
[PlyCount "104"]
[GameId "2147807426346009"]
[EventDate "2025.01.25"]
[EventCountry "ESP"]
[WhiteTeam "Agrupacion"]
[BlackTeam "El Olivar"]

1. d4 Nf6 2. Nf3 d6 3. Nc3 Nbd7 4. e4 e5 5. Bc4 Be7 6. O-O O-O 7. h3 c6 8. dxe5 dxe5 9. a4 b6 10. Qe2 Qc7 11. Rd1 a5 12. Bg5 Nc5 13. Rd2 Be6 14. Rad1 Rad8 15. Rxd8 Rxd8 16. Rxd8+ Bxd8 17. Bxe6 Nxe6 18. Be3 Nd7 19. Qc4 Qd6 20. g3 Bf6 21. Kg2 h6 22. Ne2 Nc7 23. Nc3 Ne6 24. Ne2 Bd8 25. b3 Be7 26. Nc3 Kh7 27. Kf1 g6 28. Ke2 f5 29. exf5 gxf5 30. Nh4 Bxh4 31. Qxh4 f4 32. gxf4 exf4 33. Bd2 Nf6 34. Kd1 Qe5 35. f3 Kg6 36. Qf2 b5 37. Qe2 Qf5 38. axb5 Nd4 39. Qd3 Qxd3 40. cxd3 cxb5 41. Bxf4 b4 42. Ne2 Nxb3 43. Bd6 Nd5 44. Kc2 a4 45. Nf4+ Nxf4 46. Bxf4 Nd4+ 47. Kb2 Nxf3 48. Bd6 b3 49. Ba3 Nd4 50. Bc5 Nb5 51. d4 Kf5 52. Bf8 h5 0-1

[Event "Cto Aragon Equipos 2025 - Div. Honor"]
[Site "Aragon"]
[Date "2025.02.01"]
[Round "2.17"]
[White "Llanes Luno, Ricardo"]
[Black "Villuendas Valero, Adrian"]
[Result "1/2-1/2"]
[WhiteElo "2170"]
[BlackElo "2240"]
[PlyCount "116"]
[GameId "2147807426395162"]
[EventDate "2025.01.25"]
[EventCountry "ESP"]
[WhiteTeam "ONCE CA Aragon Delicias"]
[BlackTeam "Aulazenter"]

1. e4 e6 2. d4 d5 3. Nc3 Nf6 4. e5 Nfd7 5. f4 c5 6. Nf3 Nc6 7. Be3 cxd4 8. Nxd4 Qb6 9. Qd2 Qxb2 10. Rb1 Qa3 11. Be2 Nxd4 12. Bxd4 a6 13. O-O Bc5 14. Bxc5 Qxc5+ 15. Kh1 Qc7 16. Bd3 Nc5 17. Ne2 Bd7 18. Nd4 g6 19. Qf2 Bc6 20. Qe3 Qe7 21. h3 Ne4 22. Bxe4 dxe4 23. Nxc6 bxc6 24. Qxe4 Qc5 25. Qb4 Qxb4 26. Rxb4 O-O 27. Rb6 c5 28. Rd1 Rfb8 29. Rdd6 Rxb6 30. Rxb6 Rd8 31. Rc6 Rd4 32. Rxc5 Ra4 33. Rc8+ Kg7 34. c4 Rxa2 35. c5 Rc2 36. Kh2 a5 37. c6 a4 38. c7 a3 39. Ra8 Rxc7 40. Rxa3 Rc4 41. Kg3 h6 42. Re3 g5 43. fxg5 hxg5 44. Kf3 Kg6 45. g4 Ra4 46. Kg3 Ra1 47. Kf3 Kg7 48. Kg3 Kf8 49. Kg2 Ke7 50. Kg3 Rd1 51. Kg2 f6 52. exf6+ Kxf6 53. Kg3 Ra1 54. Kg2 Ra4 55. Kg3 e5 56. Rf3+ Kg6 57. h4 gxh4+ 58. Kxh4 Ra1 1/2-1/2